Les mythes d'Homère et la pensée grecque
Enregistré dans:
| Auteur principal: | |
|---|---|
| Format: | Livre |
| Langue: | français |
| Publié: |
París
Les Belles Lettres
1956
|
| Sujets: | |
| Tags: |
Ajouter un tag
Pas de tags, Soyez le premier à ajouter un tag!
|
MARC
| LEADER | 00000nam a2200000 a 4500 | ||
|---|---|---|---|
| 001 | UCP5108 | ||
| 003 | CL-VaPUC | ||
| 008 | 990827e19560000FR |||||||||||||||||fre|d | ||
| 082 | 0 | 4 | |a 292.08 |b PUF |2 21 |
| 100 | 0 | |a Buffiere, Félix |e author |9 433275 | |
| 245 | 1 | 4 | |a Les mythes d'Homère et la pensée grecque |
| 300 | |a 677 p | ||
| 942 | |c BK | ||
| 945 | |d 19990827 00:00:00 |a crobeson | ||
| 260 | |a París |b Les Belles Lettres |c 1956 | ||
| 600 | 0 | |a Homero |e autor |9 265577 | |
| 650 | 0 | |a Mitología griega |9 265313 | |
| 650 | 0 | |a Mitología clásica |9 265586 | |
| 650 | 7 | |a DIOSES GRIEGOS |2 CL-VaPUC |9 319074 | |
| 650 | 7 | |a LITERATURA GRIEGA |2 CL-VaPUC |9 258054 | |
| 651 | 0 | |a Grecia |9 265314 | |
| 583 | |a last modification |c 19990827 00:00:00 |k Rodrigo Vera | ||
| 999 | |c 282932 |d 282930 | ||
| 952 | |0 0 |1 0 |4 0 |6 292_080000000000000_PUF_1956 |7 0 |8 A |9 325553 |a BIBHIS |b BIBHIS |d 2019-11-20 |i 1356720 |o 292.08 PUF 1956 |p 1356720 |r 2025-01-20 |w 2019-11-20 |y BK |k HIS | ||